Державотворчий потенціал української нації (Запис № 573485)

МАРК-запис
000 -Лідер
fixed length control field 03548 a2200253 4500
003 - Ідентифікатор контрольного номера
control field UA-OsUOA
005 - Дата та час останнього входження (трансакції)
control field 20230105105338.0
008 - Елементи даних фіксованої довжини – загальна інформація
fixed length control field 230105b un ||||| |||| 00| 0 ukr d
020 ## - Міжнародний стандартний книжковий номер (ISBN)
Міжнародний стандартний книжковий номер (ISBN) (НП) 9789663886251
040 ## - Джерело каталогізації
Агенція оригінальної каталогізації UA-OsUOA
Мова каталогізації ukr
Агенція, яка здійснювала перезапис UA-OsUOA
Агенція, яка здійснювала модифікацію UA-OsUOA
041 ## - Код мови
Код мови тексту/ звукової доріжки чи окремого заголовка (П) ukr
080 ## - Індекс Універсальної десяткової класифікації
Індекс Універсальної десяткової класифікації (УДК) (НП) 82-92:323(477)
090 ## - Локальний шифр розміщення
Класифікаційний індекс УДК 82-92:323(477)
Авторський знак (НП) Т16
100 ## - Основне введення – ім’я особи
Ім’я особи (НП) Таланчук П.
245 ## - Відомості про назву
Назва (НП) Державотворчий потенціал української нації
Решта назви (НП) публіцистика
Дані про відповідальність (НП) Петро Таланчук
250 ## - Відомості про видання (редакцію)
Відомості про видання (редакцію) (НП) вид. 2-ге, доп.
260 ## - Публікація, розповсюдження і т.п. (Вихідні дані)
Місце публікації, розповсюдження і т.п. (П) К.
Ім’я/ наймення видавництва, розповсюджувача і т.п. (П) Україна
Дата публікації, розповсюдження і т.п. (П) 2021
300 ## - Фізичний опис
Обсяг 434 с.
520 ## - Резюме і т.п.
Резюме, реферат, анотація, тощо (НП) Книга «Державотворчий потенціал української нації» містить публіцистичне дослідження Петра Таланчука, присвячене сучасним проблемам незалежної України в контексті її правдивої, нефальшованої історії. Автор дослідження переконує, що нинішні проблеми незалежної України потрібно не лише досліджувати, а й негайно вирішувати. Петро Михайлович глибоко вірить у державотворчий потенціал української нації. Ця книга – нагадування українцям про те, хто вони є насправді.<br/><br/>У книзі Петро Таланчук без прикрас пише про те, що найтяжчою проблемою української нації є схильність до міжусобиць та «руїни», тобто до невміння скористатися історично наданими чи відвойованими можливостями, що неминуче призводить до болючих поразок у майже виграних змаганнях. Ось що говорить автор у книзі: «1918 року в Україні було більше 300 тис. прекрасно вишколених озброєних патріотів. А захопили нашу країну 7 тис. більшовиків. Сталося, передусім, це тому, що військові патріоти, а вслід за ними й інші громадяни, «забули» про зовнішні загрози і чубилися між собою, щоб привести до влади гетьмана <…> Схаменімося, якщо хочемо залишитися українським народом і боронити його землю. Інакше станемо ніким, гноєм».<br/><br/>Також велику проблему становить, на переконання П.М. Таланчука, комплекс меншовартості українців, який теж шкодить розвиткові України.<br/><br/>Прочитати книгу Петра Таланчука потрібно тим, хто ще не утямив, хто ми і яке наше місце, якою ми хочемо бачити свою країну.
650 ## - Додаткове предметне введення – тематичний термін
Джерело заголовка чи терміна UDC
Тематичний термін чи географічна назва, як елемент введення (НП) 82 Література. Літературознавство
942 ## - Додаткові елементи входу (Коха)
Тип елемента Koha Книги
Source of classification or shelving scheme Universal Decimal Classification
955 ## - Код типу видання за змістом
Код типу видання за змістом (НП) Літературно-художні видання
Фонди
Стан вилучень Стан втрат Джерело класифікації або схеми стелажів Стан уражень Не для кредиту Постійне місце розташування Поточне розміщення Дата придбання Джерело придбання Вартість, звичайна ціна покупки Усього замовленно Повний номер виклику Штрих-код Дата останнього перегляду Вартість, ціна заміни Ціна ефективна від Тип елемента Koha Примітка, призначена для загального доступу Код колекції
    Universal Decimal Classification     АБ - Абонемент НБ АБ - Абонемент НБ 05/01/2023 №2/04.01.2023 50.00   82-92:323(477) Т16 165294 05/01/2023 50.00 05/01/2023 Книги подарував Кривонос П.  
    Universal Decimal Classification     АБ - Абонемент НБ АБ - Абонемент НБ 05/01/2023 №2/04.01.2023 50.00   82-92:323(477) Т16 165295 05/01/2023 50.00 05/01/2023 Книги подарував Кривонос П.  
    Universal Decimal Classification     ЧЗ - Читальна зала ЧЗ - Читальна зала 01/06/2023 №15/09.06.2023 50.00   82-92:323(477) Т16 165833 01/06/2023 50.00 01/06/2023 Книги подарував П. Таланчук, з автографом Колекція Пасічника І.Д.
    Universal Decimal Classification     ЧЗ - Читальна зала ЧЗ - Читальна зала 15/06/2023 №21/13.06.2023 50.00   82-92:323(477) Т16 165878 15/06/2023 50.00 15/06/2023 Книги з автографом П. Таланчука Колекція Пасічника І.Д.